| 000 | 01283cam a2200313 a 4500 | ||
|---|---|---|---|
| 999 |
_c22264 _d22264 |
||
| 001 | 4912892 | ||
| 003 | OSt | ||
| 005 | 20170123161007.0 | ||
| 008 | 940406s1993 enkae 000 0 eng d | ||
| 010 | _a 94142052 | ||
| 020 |
_a0727716840 : _c$77.40 |
||
| 035 | _a(OCoLC)29352024 | ||
| 040 |
_aOCl _cOCl _dDLC |
||
| 042 | _alccopycat | ||
| 050 | 0 | 0 |
_aNA5471.D9 _bE54 1993 |
| 082 | 0 | 0 |
_a726/.6/0942865 _220 |
| 245 | 0 | 0 |
_aEngineering a cathedral : _bproceedings of the conference Engineering a cathedral held at Durham Cathedral on 9-11 September 1993 as part of the 900th anniversary celebrations of Durham Cathedral / _cedited by Michael Jackson. |
| 260 |
_aLondon : _bThomas Telford, _c1993. |
||
| 300 |
_a191 p. : _bill., plans ; _c24 cm. |
||
| 504 | _aIncludes bibliographical references. | ||
| 610 | 2 | 0 | _aDurham Cathedral. |
| 650 | 0 |
_aChurch architecture _xCongresses. |
|
| 650 | 0 |
_aChurch architecture _zEngland _zDurham. |
|
| 700 | 1 |
_aJackson, Michael J. _q(Michael James) |
|
| 906 |
_a7 _bcbc _ccopycat _d2 _encip _f19 _gy-gencatlg |
||
| 942 |
_2lcc _cBOOKS _hNA 5471 .D9E54 1993 |
||